000 00592nam a22002297a 4500
001 BS2023000655
003 BR-BrBNA
005 20231215141137.0
008 231215b bl.||||| |||| 00| 0 por d
020 _a85-7479-567-4
040 _aBR-BrBNA
_bpor
041 _apor
072 _aS91
100 _4aut.
_aRushdie, Salman
245 _aO último suspiro do mouro /
_cSalman Rushdie
260 _aSão Paulo, SP :
_bPlaneta De Agostini,
_c2003.
300 _a456 p.
650 _aLITERATURA INDIANA
909 _a202312
_bAna Lívia
942 _cBK
999 _c260066
_d260066